000 00444nam a2200145Ia 4500
008 151213s9999 xx 000 0 und d
100 _aশফি আহমেদ।
245 _aবিশ্বকোষ।
_cশফি আহমেদ।
260 _aঢাকা
_bবাংলা একাডেমী।
300 _a8843 p.
650 _aBangla
650 _aবিশ্ব্
700 _aশফি আহমেদ।
999 _c4628
_d4628